Mistrzowie Serie A - od 1930 do 2025 - Statystyki

Ogólne statystyki
  • Ten quiz został rozwiązany 86 razy
  • Średni wynik to 87 z 93
Statystyki odpowiedzi
Rok Mistrz % Poprawnych
2022 AC Milan
100%
2011 AC Milan
100%
2004 AC Milan
100%
1999 AC Milan
100%
1996 AC Milan
100%
1994 AC Milan
100%
1993 AC Milan
100%
1992 AC Milan
100%
1988 AC Milan
100%
1979 AC Milan
100%
1968 AC Milan
100%
1962 AC Milan
100%
1959 AC Milan
100%
1957 AC Milan
100%
1955 AC Milan
100%
1951 AC Milan
100%
2024 Inter Mediolan
100%
2021 Inter Mediolan
100%
2010 Inter Mediolan
100%
2009 Inter Mediolan
100%
2008 Inter Mediolan
100%
2007 Inter Mediolan
100%
2006 Inter Mediolan
100%
1989 Inter Mediolan
100%
1980 Inter Mediolan
100%
1971 Inter Mediolan
100%
1966 Inter Mediolan
100%
1965 Inter Mediolan
100%
1963 Inter Mediolan
100%
1954 Inter Mediolan
100%
1953 Inter Mediolan
100%
1940 Inter Mediolan
100%
1938 Inter Mediolan
100%
1930 Inter Mediolan
100%
2020 Juventus FC
100%
2019 Juventus FC
100%
2018 Juventus FC
100%
2017 Juventus FC
100%
2016 Juventus FC
100%
2015 Juventus FC
100%
2014 Juventus FC
100%
2013 Juventus FC
100%
2012 Juventus FC
100%
2003 Juventus FC
100%
2002 Juventus FC
100%
1998 Juventus FC
100%
1997 Juventus FC
100%
1995 Juventus FC
100%
1986 Juventus FC
100%
1984 Juventus FC
100%
1982 Juventus FC
100%
1981 Juventus FC
100%
1978 Juventus FC
100%
1977 Juventus FC
100%
1975 Juventus FC
100%
1973 Juventus FC
100%
1972 Juventus FC
100%
1967 Juventus FC
100%
1961 Juventus FC
100%
1960 Juventus FC
100%
1952 Juventus FC
100%
1950 Juventus FC
100%
1935 Juventus FC
100%
1934 Juventus FC
100%
1933 Juventus FC
100%
1932 Juventus FC
100%
1931 Juventus FC
100%
2001 AS Roma
99%
1983 AS Roma
99%
1942 AS Roma
99%
1958 Juventus FC
99%
2025 SSC Napoli
99%
2023 SSC Napoli
99%
1990 SSC Napoli
99%
1987 SSC Napoli
99%
2000 SS Lazio
91%
1974 SS Lazio
91%
1976 Torino FC
76%
1949 Torino FC
76%
1948 Torino FC
76%
1947 Torino FC
76%
1946 Torino FC
76%
1943 Torino FC
76%
1969 ACF Fiorentina
66%
1956 ACF Fiorentina
66%
1964 Bologna FC
61%
1941 Bologna FC
61%
1939 Bologna FC
61%
1937 Bologna FC
61%
1936 Bologna FC
61%
1991 UC Sampdoria
59%
1985 Hellas Verona FC
34%
1970 Cagliari Calcio
28%
Nie znaleziono quizów pasujących do podanych kryteriów
Rozkład punktacji
Procent ludzi z każdym wynikiem
Percentyl według liczby udzielonych odpowiedzi
Twoja historia wyników
Nie rozwiązałeś tego quizu